LEADER 01216nam--2200397---450- 001 990003116450203316 005 20080609110011.0 010 $a2-222-02676-8 035 $a000311645 035 $aUSA01000311645 035 $a(ALEPH)000311645USA01 035 $a000311645 100 $a20080609d1981----km-y0itay50------ba 101 $afre 102 $aFR 105 $aa---||||001yy 200 1 $a<> forteresse Byzantine de Thamugadi$efouilles a Timgad 1938-1956$fpar Jean Lassus 210 $aParis$cCentre nationale de la recherche scientifique$d1981 215 $av.$cill.$d28 cm. 225 2 $aÉtudes d'Antiquités africaines 327 1 $a : 251 p. + 1 c. di tav. ripieg. 410 0$12001$aÉtudes d'Antiquités africaines 454 1$12001 461 1$1001-------$12001 606 0 $aScavi archeologici$yAlgeria 607 $aThamugadi 676 $a939.7219 700 1$aLASSUS,$bJean$0206084 801 0$aIT$bsalbc$gISBD 912 $a990003116450203316 951 $aS VII b 27$bDLM$cS VII b 959 $aBK 969 $aDILAM 979 $aDILAM1$b90$c20080609$lUSA01$h1100 996 $aForteresse Byzantine de Thamugadi$91020484 997 $aUNISA LEADER 01895nas 2200385 n 450 001 990008975030403321 005 20240229084429.0 011 $a1041-4347 035 $a000897503 035 $aFED01000897503 035 $a(Aleph)000897503FED01 035 $a000897503 091 $2CNR$aP 00148758 100 $a20161109a19899999km-y0itaa50------ba 101 0 $aeng 102 $aUS 110 $aauu-------- 200 1 $aIEEE transactions on knowledge and data engineering 207 1$a1989- 210 $aNew York$cInstitute of Electrical and Electronics Engineers 452 0$1001000897504$12001$aIEEE transactions on knowledge and data engineering 530 0 $aIEEE transactions on knowledge and data engineering 676 $a006.3/3/05 676 $a621 712 02$aInstitute of Electrical and Electronics Engineers 801 0$aIT$bACNP$c20090723 859 4 $uhttp://acnp.cib.unibo.it/cgi-ser/start/it/cnr/dc-p1.tcl?catno=80233&person=false&language=ITALIANO&libr=&libr_th=unina1$zBiblioteche che possiedono il periodico 901 $aSE 912 $a990008975030403321 958 $aBiblioteca Interdipartimentale di Ingegneria Elettrica, Elettronica e delle Telecomunicazioni, Informatica e Sistemistica. Università degli studi di Napoli "Federico II"$b1989-1999;$eE3$fDINEL 959 $aDINEL 996 $aIEEE transactions on knowledge and data engineering$9793165 997 $aUNINA AP1 8 $6866-01$aNA106 Biblioteca Interdipartimentale di Ingegneria Elettrica, Elettronica e delle Telecomunicazioni, Informatica e Sistemistica. Università degli studi di Napoli "Federico II"$bE3$eVia Claudio,21, 80125 Napoli (NA)$m081/7683242-3533$m0817683242$nit AP2 40$aacnp.cib.unibo.it$nACNP Italian Union Catalogue of Serials$uhttp://acnp.cib.unibo.it/cgi-ser/start/it/cnr/df-p.tcl?catno=80233&language=ITALIANO&libr=&person=&B=1&libr_th=unina&proposto=NO